Podpora start-up firiem z fondov EÚ v SR bakalárska práca

Saved in:
Bibliographic Details
Main Author: Benca, Adrián
Corporate Author: Národohospodárska fakulta EU. Katedra verejnej správy a regionálneho rozvoja
Other Authors: Pástor, Rudolf
Format: Book
Language:Slovak
Published: Bratislava 2018
Tags: Add Tag
No Tags, Be the first to tag this record!

MARC

LEADER 00000nbm a2200000 4500
001 0245986
005 20181213100857.0
041 0 |a slo 
044 |a SK 
245 1 0 |a Podpora start-up firiem z fondov EÚ v SR  |b bakalárska práca  |c Adrián Benca ; školiteľ: Rudolf Pástor 
264 1 |a Bratislava  |c 2018 
300 |a 56 s. 
100 1 |a Benca, Adrián 
700 1 |a Pástor, Rudolf 
710 2 |a Národohospodárska fakulta EU. Katedra verejnej správy a regionálneho rozvoja